000 00335pam a2200133 a 4500
020 _a812101383
_c
041 _h
082 _a615.5
_bKAB
100 _aKabat, Hugh F.
245 _aClinical Pharmacy Handbook
_hTextual Documents
260 _aPhiladelphia
_bLea and Febiger
653 _aTherapeutics & Clinical Pharmacy
930 _a202
999 _c73518
_d73518